Na slovenskom kapitálovom trhu sú náznaky oživenia
Päť kategórií jednotlivých emisií v priebežnej aukcii RM-Systému Slovakia v r. 1995 podľa hodnoty koeficientu Beta: "protitrhové", "nezávislé", "trhové", "nadtrhové" a "dynamické" emisie.
Guardado en:
| Autor principal: | |
|---|---|
| Formato: | Capítulo de libro |
| Lenguaje: | eslovaco |
| Materias: | |
| Etiquetas: |
Sin Etiquetas, Sea el primero en etiquetar este registro!
|
MARC
| LEADER | 00000naa a2200000 4500 | ||
|---|---|---|---|
| 001 | r018984 | ||
| 005 | 20230921074445.1 | ||
| 041 | 0 | |a slo | |
| 044 | |a SK | ||
| 245 | 1 | 0 | |a Na slovenskom kapitálovom trhu sú náznaky oživenia |c X. Gubáš |
| 520 | |a Päť kategórií jednotlivých emisií v priebežnej aukcii RM-Systému Slovakia v r. 1995 podľa hodnoty koeficientu Beta: "protitrhové", "nezávislé", "trhové", "nadtrhové" a "dynamické" emisie. | ||
| 610 | 2 | 0 | |a Slovensko |
| 610 | 2 | 0 | |a trh kapitálový |
| 610 | 2 | 0 | |a trh mimoburzový |
| 610 | 2 | 0 | |a RM-Systém Slovakia |
| 610 | 2 | 0 | |a emisia |
| 610 | 2 | 0 | |a Beta |
| 610 | 2 | 0 | |a 1994-1995 |
| 610 | 2 | 0 | |a údaje štatistické |
| 610 | 2 | 0 | |a vývoj |
| 610 | 2 | 0 | |a ceny aukčné |
| 100 | 1 | |a Gubáš, X. | |